=LDR 00000nam 2200000 4500 =001 000467 =005 20250711042146 =035 ##$$a 0010-0725000329 =007 ta =008 250711################a##########0#ind## =020 ##$$a 978-623-307-603-6 =082 ##$$a 398.209 598 =100 #$$a Komar Rien Komar Cheh =245 1#$$a Kecil dan Besar /$c Komar Rien Komar CHeh =250 ##$$a pertama =260 ##$$a Jakarta :$b Badan Pengembangan dan Pembinaan Bahasa,$c 2022 =300 ##$$a 16hlm. : $b ilus. ; $c 22,9cm =650 #4$$a cerita anak indonesia terjemahan =650 #4$$a literasi bahan bacaan =084 ##$$a 398.209 598 KOM k =990 ##$$a TBM202400217